Regions and States of Myanmar (with map) - Statistics

General Stats
  • This quiz has been taken 2,497 times
  • The average score is 8 of 14
Answers on the Map
Answers color-coded by a green-red scale on the quiz's map according to % correct below.
 
Answer Stats
Answer % Correct
Yangon
88%
Shan
79%
Mandalay
77%
Chin
70%
Kachin
67%
Mon
65%
Rakhine
62%
Kayah
52%
Bago
51%
Kayin
48%
Sagaing
46%
Ayeyarwady
41%
Magway
38%
Tanintharyi
38%
No matching quizzes found
Score Distribution
Percent of People with Each Score
Percentile by Number Answered
Your Score History
You have not taken this quiz